000
00271nam a22001217a 4500
020
_a
978-1-84738-595-6
082
_a
823
_b
DAN/G
100
_a
DAVIE, KATIE
245
_a
THE GREAT HAMSTER
_b
MASSACRE
260
_a
UK
_b
SIMIN AND SCHUSTER
_c
2010
300
_a
180
942
_c
BK
999
_c
5845
_d
5845